Geography Quiz

Random Geography or City Quiz

Top 10 World Cities by Population(as of 2006) Quiz Stats

 Plays Quiz not verified by Sporcle

Also try: Countries: After C
Challenge
Share
Tweet
Embed
Score 0/10 Timer 04:00
0 Plays Today
Population City % Correct
31.2 MilTokyo
98.9%
18 MilNew York
95.5%
21.5 MilMexico City
89.8%
13.9 MilShanghai
83%
17.3 MilMumbai
81.8%
19.9 MilSao Paulo
80.7%
16.7 MilLos Angeles
80.7%
13.2 MilBuenos Aires
65.9%
14.3 MilCalcutta
54.5%
13.4 MilLagos
48.9%

You're not logged in!

Compare scores with friends on all Sporcle quizzes.
Join for Free
OR
Log In

You Might Also Like...

Show Comments

Extras

Top Quizzes Today


Score Distribution

Your Account Isn't Verified!

In order to create a playlist on Sporcle, you need to verify the email address you used during registration. Go to your Sporcle Settings to finish the process.

Report this User

Report this user for behavior that violates our Community Guidelines.

Details: